[Event "Anapa op"]
[Site "Anapa"]
[Date "2009.09.02"]
[Round "3"]
[White "Kozhevnikov, Ivan"]
[Black "Grigorova, Lidia"]
[Result "1-0"]
[WhiteElo "1842"]
[BlackElo "1637"]
[PlyCount "75"]
[EventDate "2009.08.31"]
[EventType "swiss"]
[EventRounds "9"]
[EventCountry "RUS"]
[SourceTitle "CBM 132 Extra"]
[Source "ChessBase"]
[SourceDate "2009.11.03"]
[SourceVersion "1"]
[SourceVersionDate "2009.11.03"]
[SourceQuality "1"]

1. e4 c5 2. Nf3 Nc6 3. d4 cxd4 4. Nxd4 e6 5. Nc3 Bb4 6. a3 Bxc3+ 7. bxc3 Nf6 8. Bd3 d5 9. Nxc6 bxc6 10. e5 Nd7 11. Qg4 g6 12. Qg3 h5 13. 0-0 h4 14. Qf4 g5 15. Qxg5 Qxg5 16. Bxg5 Nxe5 17. Bf6 Nf3+ 18. gxf3 Rg8+ 19. Kh1 h3 20. Rg1 Kf8 21. Be7+ Kxe7 22. Rxg8 Bb7 23. Rxa8 Bxa8 24. Ba6 c5 25. Rb1 d4 26. Bb7 Bxb7 27. Rxb7+ Kf6 28. cxd4 cxd4 29. Rxa7 e5 30. Kg1 Ke6 31. Kf1 f5 32. Ke2 Kf6 33. Rh7 Kg5 34. Rxh3 e4 35. fxe4 fxe4 36. a4 Kg4 37. Rg3+ Kf4 38. a5 1-0

[Event "Anapa op"]
[Site "Anapa"]
[Date "2009.09.01"]
[Round "2"]
[White "Grigorova, Lidia"]
[Black "Moiseev, Anatoly V"]
[Result "0-1"]
[WhiteElo "1637"]
[BlackElo "2004"]
[PlyCount "44"]
[EventDate "2009.08.31"]
[EventType "swiss"]
[EventRounds "9"]
[EventCountry "RUS"]
[SourceTitle "CBM 132 Extra"]
[Source "ChessBase"]
[SourceDate "2009.11.03"]
[SourceVersion "1"]
[SourceVersionDate "2009.11.03"]
[SourceQuality "1"]

1. e4 c6 2. d4 d5 3. e5 Bf5 4. f4 e6 5. Nf3 c5 6. Bb5+ Nc6 7. 0-0 Qb6 8. Bxc6+ Qxc6 9. c3 Rc8 10. Kh1 c4 11. Nbd2 Bd3 12. Rf2 b5 13. a3 a5 14. Ne1 Bg6 15. Ndf3 Nh6 16. Nh4 Be4 17. Nc2 Be7 18. Nf3 0-0 19. h3 Nf5 20. Ne3 b4 21. Ng5 Bd3 22. Qh5 Ng3+ 0-1

[Event "Anapa op"]
[Site "Anapa"]
[Date "2008.09.01"]
[Round "2"]
[White "Grigorova, Lidia"]
[Black "Goncharova, Nadezhda"]
[Result "0-1"]
[WhiteElo "1661"]
[BlackElo "2009"]
[PlyCount "34"]
[EventDate "2008.08.31"]
[EventType "swiss"]
[EventRounds "9"]
[EventCountry "RUS"]
[SourceTitle "EXT 2010"]
[Source "ChessBase"]
[SourceDate "2010.11.25"]
[SourceVersion "1"]
[SourceVersionDate "2010.11.25"]
[SourceQuality "1"]

1. e4 d5 2. e5 c5 3. f4 g6 4. Nf3 a6 5. d3 b6 6. c4 e6 7. Be3 Bb7 8. Nc3 dxc4 9. dxc4 Qxd1+ 10. Nxd1 Bxf3 11. gxf3 b5 12. Nc3 Nc6 13. 0-0-0 Nh6 14. Ne4 Be7 15. Nd6+ Kf8 16. f5 Nxf5 17. Nxf5 exf5 0-1

[Event "Anapa op"]
[Site "Anapa"]
[Date "2008.08.31"]
[Round "1"]
[White "Birjukov, Sergey"]
[Black "Grigorova, Lidia"]
[Result "1-0"]
[WhiteElo "2215"]
[BlackElo "1661"]
[PlyCount "41"]
[EventDate "2008.08.31"]
[EventType "swiss"]
[EventRounds "9"]
[EventCountry "RUS"]
[SourceTitle "EXT 2010"]
[Source "ChessBase"]
[SourceDate "2010.11.25"]
[SourceVersion "1"]
[SourceVersionDate "2010.11.25"]
[SourceQuality "1"]

1. d4 d5 2. c4 e6 3. g3 Nf6 4. Bg2 Bb4+ 5. Bd2 Nc6 6. Bxb4 Nxb4 7. a3 Nc6 8. Nf3 Ne7 9. Nc3 c6 10. 0-0 Nf5 11. Qd3 0-0 12. Rfd1 a6 13. Ne5 Nd6 14. b4 Bd7 15. c5 Nb5 16. Na4 Be8 17. Nb6 Ra7 18. a4 Nc7 19. f3 a5 20. bxa5 Rxa5 21. Rdb1 1-0